| 000 | 00333nam a22001457a 4500 | ||
|---|---|---|---|
| 003 | SGT | ||
| 020 | _a9788181915337 | ||
| 082 |
_a617.643 _bt21s |
||
| 100 | _aSankar, Gowri S. | ||
| 245 | _aTextbook of Orthodontics | ||
| 250 | _a2nd Ed. | ||
| 260 |
_aHyderabad, India _bParas Medical Pub. _c2021 |
||
| 300 | _a857 | ||
| 942 |
_2ddc _cBK |
||
| 999 |
_c32806 _d32806 |
||